<?xml version="1.0" encoding="UTF-8"?>
<record
    xmlns:xsi="http://www.w3.org/2001/XMLSchema-instance"
    xsi:schemaLocation="http://www.loc.gov/MARC21/slim http://www.loc.gov/standards/marcxml/schema/MARC21slim.xsd"
    xmlns="http://www.loc.gov/MARC21/slim">

  <leader>00598nam a22001937a 4500</leader>
  <controlfield tag="003">OSt</controlfield>
  <controlfield tag="008">260624b        |||||||| |||| 00| 0 eng d</controlfield>
  <datafield tag="020" ind1=" " ind2=" ">
    <subfield code="a">9781041119449</subfield>
  </datafield>
  <datafield tag="082" ind1=" " ind2=" ">
    <subfield code="a">920.02</subfield>
    <subfield code="b">R86I</subfield>
  </datafield>
  <datafield tag="245" ind1=" " ind2=" ">
    <subfield code="a">The international who's who /by Routledge </subfield>
  </datafield>
  <datafield tag="250" ind1=" " ind2=" ">
    <subfield code="a">89th. ed.</subfield>
  </datafield>
  <datafield tag="260" ind1=" " ind2=" ">
    <subfield code="a">New York: </subfield>
    <subfield code="b">Routledge, </subfield>
    <subfield code="c">2025.</subfield>
  </datafield>
  <datafield tag="300" ind1=" " ind2=" ">
    <subfield code="a">Misc.</subfield>
  </datafield>
  <datafield tag="500" ind1=" " ind2=" ">
    <subfield code="a">02 Vol. set; Vol. 1 (A-K)
                    Vol. 2 (L-Z)</subfield>
  </datafield>
  <datafield tag="650" ind1=" " ind2=" ">
    <subfield code="a">History and Geography</subfield>
  </datafield>
  <datafield tag="650" ind1=" " ind2=" ">
    <subfield code="a">General biographical dictionaries by period or place / International collections</subfield>
  </datafield>
  <datafield tag="700" ind1=" " ind2=" ">
    <subfield code="a">Routledge</subfield>
  </datafield>
  <datafield tag="942" ind1=" " ind2=" ">
    <subfield code="2">ddc</subfield>
    <subfield code="c">BK</subfield>
  </datafield>
  <datafield tag="999" ind1=" " ind2=" ">
    <subfield code="c">52271</subfield>
    <subfield code="d">52271</subfield>
  </datafield>
  <datafield tag="952" ind1=" " ind2=" ">
    <subfield code="0">0</subfield>
    <subfield code="1">0</subfield>
    <subfield code="2">ddc</subfield>
    <subfield code="4">0</subfield>
    <subfield code="7">0</subfield>
    <subfield code="a">RAU</subfield>
    <subfield code="b">RAU</subfield>
    <subfield code="c">GEN</subfield>
    <subfield code="d">2026-06-24</subfield>
    <subfield code="e">Today &amp; Tomorrow Printers and Publishers </subfield>
    <subfield code="o">R 920.02 R86I</subfield>
    <subfield code="p">87515</subfield>
    <subfield code="r">2026-06-24</subfield>
    <subfield code="w">2026-01-29</subfield>
    <subfield code="y">BK</subfield>
    <subfield code="z">Vol.1  (A-K)</subfield>
    <subfield code="k">Bill No. IN-00449 </subfield>
  </datafield>
  <datafield tag="952" ind1=" " ind2=" ">
    <subfield code="0">0</subfield>
    <subfield code="1">0</subfield>
    <subfield code="2">ddc</subfield>
    <subfield code="4">0</subfield>
    <subfield code="7">0</subfield>
    <subfield code="a">RAU</subfield>
    <subfield code="b">RAU</subfield>
    <subfield code="c">GEN</subfield>
    <subfield code="d">2026-06-24</subfield>
    <subfield code="e">Today &amp; Tomorrow Printers and Publishers </subfield>
    <subfield code="o">R 920.02 R86I</subfield>
    <subfield code="p">87516</subfield>
    <subfield code="r">2026-06-24</subfield>
    <subfield code="w">2026-01-29</subfield>
    <subfield code="y">BK</subfield>
    <subfield code="z">Vol. 2 (L-Z)</subfield>
    <subfield code="k">Bill No. IN-00449 </subfield>
  </datafield>
</record>
